000 00822cab a22001935a 4500
001 L147041
008 090325e20090320xxkad f 000 0 eng d
035 _a(Sirsi) u147041
041 0 _aeng
100 1 _aSandher, Hardeep
245 0 0 _aSpecial report
_bhealthcare
260 _c2009
490 0 _aProperty Week
_v75(12) 20 March 2009, 53-60(5)
520 _aReveals that with commercial developments coming to an end, developers are now trying to obtain more promising public sector contracts such as polyclinics. Reports that although the care homes sector is in good health, this may not protect it from a weak economy.
590 _aKA
651 4 _aUnited Kingdom
_y
690 _aPROPERTY-OTHER PROPERTY TYPES-HEALTHCARE AND WELFARE PROPERTY-WELFARE FACILITY AND HOME PROPERTY-WELFARE FACILITIES
942 _n0
999 _c81357
_d81357